00443nam a2200109Ia 4500008004100000082000800041100002100049245014700070942000600217952009500223999001500318240331s9999 xx 000 0 und d bDES aDe Silva, Mervyn 4aThe Debt Crisis, and Aid, a euphemistic term for crippling loans :bGlasnost-Peretroika, but the struggles of the third worlds' poor continues cL 001040708LaWERCLbWERCLcSSCd2024-03-31l0o 332 DESp1483r2024-03-31w2024-03-31yL c2751d2751